| 000 | 00000nas##2200000za#4500 |
| 001 | 9.503327 |
| 003 | CaOODSP |
| 005 | 20200325092945 |
| 007 | cr ||||||||||| |
| 008 | 150406c2009||||xxc|| p o||||f| |0fre|d |
| 040 | |aCaOODSP|bfre |
| 043 | |an-cn--- |
| 086 | 1 |aV102-1F-PDF |
| 110 | 1 |aCanada.|bAnciens Combattants Canada. |bBureau de l’ombudsman des vétérans. |
| 245 | 10|aVeterans dialogue des vétérans |h[ressource électronique] |
| 246 | 3 |aDialogue des vétérans |
| 260 | |aOttawa - Ontario : |bAnciens Combattants Canada. |
| 310 | |aIrrégulier |
| 362 | 1 |a[Juin 2010]-- |
| 775 | 08|tVeterans dialogue des vétérans |w(CaOODSP)9.506931 |